00939nam a2200181Ia 4500008004100000020001500041041001200056100001500068245006200083260002800145300000800173650001500181942000700196999001700203952017100220952019500391952017100586221030s9999 xx 000 0 und d a8185749620 aEnglish aP. S. Gill 0aEngineering Drawing (Geometrical Drawing)cby P. S. Gill bKatsonaNew Delhic2016 a673 aMechanical cBK c17290d17290 pBE 15088g395.00i11568l0eRKBr2024-06-13 00:00:00w2022-10-30yBK003Print4070aMIETLIBbMIETLIBcBL-Academic Block B, FL-2, CUP-2, SH-6, R-6d2017-02-0110HBE pBE 15089g395.00i11568l1eRKBq2023-04-29r2023-04-18 00:00:00s2023-04-18w2022-10-30yBK003Print4070aMIETLIBbMIETLIBcBL-Academic Block B, FL-2, CUP-2, SH-6, R-6d2017-02-0110HBE pBE 15090g395.00i11568l0eRKBr2024-06-13 00:00:00w2022-10-30yBK003Print4070aMIETLIBbMIETLIBcBL-Academic Block B, FL-2, CUP-2, SH-6, R-6d2017-02-0110HBE